000 00633nam a2200217 a 4500
001 70836
003 BD-RjUL
005 20211209082039.0
008 170420s1968 enk b 000 0 eng d
035 _a(BD-RjUL)71050
040 _aDLC
_cDLC
_dm.c
_dBD-RjUL
_beng
041 _aeng
082 _a155.232
_223
_bMAN 1968
245 1 0 _aMan and aggression /
_cedited by M. F. Ashley Montagu
260 _aNew York :
_bOxford University Press,
_c1968
300 _axiv, 178 p. ;
_c22 cm
504 _aIncludes bibliographies
650 0 _aAggressiveness
_9209657
700 _aMontagu, M. F. Ashley,
_qeditor
_9209658
942 _2ddc
_cBK
999 _c70836
_d70836